Biocomercio (Registro nro. 2126)

Detalles MARC
000 -CABECERA
Campo de control 00880nam a2200253 a 4500
005 - FECHA Y HORA DE LA ULTIMA TRANSACCION
Campo de control 20200104041528.0
008 - ELEMENTOS DE LONGITUD FIJA—INFORMACION GENERAL
Campo de control 140121b2000 ck ||||| |||| 00| 0 spa d
041 ## - IDIOMA
Código de idioma para texto/pista de sonido o título separado Español
044 ## - PAÍS DE PUBLICACIÓN
País de publicación Colombia
090 ## - CLASIFICACIÓN LOCAL
Colección IAvH
Consecutivo 00159
100 ## - ASIENTO PRINCIPAL--NOMBRE PERSONAL
Nombre personal Quiceno Mesa, María Paula
110 ## - ASIENTO PRINCIPAL--NOMBRE CORPORATIVO
Nombre corporativo o de jurisdicción como elemento de entrada Instituto de Investigación de Recursos Biológicos Alexander von Humboldt
Unidad subordinad Instituto de Investigación de Recursos Biológicos Alexander von Humboldt
245 ## - MENCION DE TITULO
Título Biocomercio
Parte restante del título estrategias para el desarrollo sostenible en Colombia
260 ## - PUBLICACION, DISTRIBUCION, ETC. (PIE DE IMPRENTA)
Lugar de publicación, distribución, etc. Bogotá
Nombre del editor, distribuidor, etc. Instituto Alexander von Humboldt
Fecha de publicación, distribución, etc. 2000
300 ## - DESCRIPCION FISICA
Extensión 433
650 ## - ASIENTO SECUNDARIO DE MATERIA - TERMINO TEMATICO
Término temático o nombre geográfico como elemento de entrada Biocomercio
650 ## - ASIENTO SECUNDARIO DE MATERIA - TERMINO TEMATICO
Término temático o nombre geográfico como elemento de entrada Desarrollo sostenible
650 ## - ASIENTO SECUNDARIO DE MATERIA - TERMINO TEMATICO
Término temático o nombre geográfico como elemento de entrada Biodiversidad
650 ## - ASIENTO SECUNDARIO DE MATERIA - TERMINO TEMATICO
Término temático o nombre geográfico como elemento de entrada Mercados verdes
650 ## - ASIENTO SECUNDARIO DE MATERIA - TERMINO TEMATICO
Término temático o nombre geográfico como elemento de entrada Uso sostenible
650 ## - ASIENTO SECUNDARIO DE MATERIA - TERMINO TEMATICO
Término temático o nombre geográfico como elemento de entrada Conocimiento tradicional
662 ## - ASIENTO SECUNDARIO DE MATERIA - JERARQUIA DEL NOMBRE DE LUGAR(
País o entidad mayor Colombia
942 ## - ELEMENTOS ADICIONALES (KOHA)
Tipo de ítem CD-ROM
Koha issues (borrowed), all copies 5
Sistema de clasificación Local
Existencias
Withdrawn status Lost status Sistema de Clasificación Damaged status No para préstamo Colección Ubicación Permanente Ubicación actual Fecha de adquisición Fuente de Valor Total Checkouts Número topográfico Inventario / Código de Barras Date last seen Ejemplar Price effective from Forma de adquisición Tipo de material Inventariado Valor Total Renewals Date checked out
    Local     Humboldt Bogotá Bogotá 14/11/2001   2 IAvH-00159 014043 23/08/2018 Ej. 1 04/12/2012   Libro     2 09/05/2017
    Dewey Decimal Classification     Humboldt Bogotá Bogotá 14/11/2001     IAvH-333.715 Q61b 014068 04/12/2012 Ej. 2 04/12/2012 Institucional Libro        
    Dewey Decimal Classification     Humboldt Bogotá Bogotá 14/11/2001   3 IAvH-333.715 Q61b 014069 07/04/2015 Ej. 3 04/12/2012 Institucional Libro       07/04/2015
    Dewey Decimal Classification     Humboldt Bogotá Bogotá 25/11/2019     IAvH-333.715 043827 25/11/2019 Ej.6 25/11/2019 Institucional Libro        
    Dewey Decimal Classification     Humboldt Sala Fabio Quevedo Sala Fabio Quevedo 18/07/2014 Instituto   IAvH-333.715 Q61b 004102 04/12/2012 Ej. 4 04/12/2012   Libro Inventariado 2017 30000.00    
    Dewey Decimal Classification     Humboldt Sala Fabio Quevedo Sala Fabio Quevedo 18/07/2014 Instituto   IAvH-333.715 Q61b 004103 04/12/2012 Ej. 5 04/12/2012   Libro Inventariado 2017 30000.00    
    Local     Referencia Villa de Leyva Villa de Leyva 21/02/2001 María Paula Quiceno   IAvH-00159 004101 04/12/2012 Ej. 1 04/12/2012   Libro